02071nam a2200253 i 4500001001000000003000900010005001700019007000300036008004100039020001800080040003000098082002700128110000300155245015300158264006000311300002700371336002700398337003300425338002800458490004200486505128300528650000301811650000301814000046285DO-SdBNP20230511135053.0ta110303s2022 dr 000 0 spa d a9789945250152 aDO-SdBNPbspacBNPHUerda a338.457291bT685c 222 10aCrecimiento económico y transformaciones sociales :besclavos, hacendados y comerciantes en la Cuba colonial : 1760-1840 /cPablo Tornero Tinajero aSanto Domingo :bArchivo General de la Nación,c2022. a516 paginas. ;c24 cm. 2rdacontentatextobtxt 2rdamediaasin mediaciónbn 2rdacarrieravolumenbnc aArchivo General de la Nación ;v439 aPalabras para la presente edición / Roberto Cassá, 9.-- Introducción, 15.-- Capítulo I. La provisión de mano de obra esclava. Estado español y oligarquía criolla, 31.-- El apoyo político al desarrollo de la trata en Cuba, 34.-- La organización del tráfico negrero, 49.-- España y Cuba ante el problema de la abolición de la trata. Contradicciones y repercusiones en la oligarquía cubana, 108.-- Capítulo II. Caracteres demográficos de la esclavitud en Cuba, 153.-- Esclavitud y población en la isla de Cuba. Proporcionalidad y evolución general, 153.-- Demografía esclavista y producción, 160.-- Esclavitud y agricultura mixta, 178.-- Capítulo III. La producción azucarera cubana, 191.-- Los factores del cambio económico, 192.-- El despegue productor, 215.-- Producción. Mejora de las infraestructuras y renovación científica y técnica en el azúcar cubano, 237.-- Capítulo IV. El sistema económico azucarero. Factores de producción, 261.-- La tierra, 262.-- El trabajo, 277.-- El capital, 333.-- Capítulo V. El comercio exterior, 385.-- Planteamiento y estado de la cuestión, 385.-- El comercio en la economía de Cuba, 392.-- La estructura del comercio de Cuba, 398.-- Las condiciones del intercambio, 452.